000
00318nam a2200133Ia 4500
008
240624s9999 xx 000 0 und d
041
_a
eng
082
_a
338.59491 LIE
100
_a
LIEVEN ALEX
245
_a
PAKISTAN A HARD COUNTRY
260
_c
2011
_a
New Delhi
_b
Allen Lane
300
_a
576 : p.
365
_c
RS
_b
25
999
_c
18053
_d
18053